000 01027nam a22002417a 4500
005 20170123164203.0
010 _aB-082393
020 _c135.00
035 _aB-082393
037 _bCen Lib / Ret
040 _aDPL
_bPN
082 _a853.08
_bਅਜਮੇ
100 _aਜਗੀਰ ਸਿੰਘ ਨੂਰ
_96710
245 _aਅਜਮੇਰ ਸਿੰਘ ਔਲਖ ਡੀ ਨਾਟ-ਰਹਨਾ ਦੇ ਪ੍ਰਤਿਮਾਨ /
_cਜਗੀਰ ਸਿੰਘ ਨੂਰ
246 _aAjmer Singh Aulakh di naat-rachna de pratimaan /
_bby Jagir Singh Noor
260 _aਪੰਜਾਬ
_bਪੰਜਾਬੀ ਸਾਹਿਤ ਅਤੇ ਸਭਿਆਚਾਰ ਸਦਨ
_c2001
270 _aA-9 ਚਾਹਲ ਨਗਰ, ਫਗਵਾੜਾ
_bਪੰਜਾਬ
_e144401
300 _a112p.
_c23cm(Hb)
650 _aਪੰਜਾਬੀ ਸਾਹਿਤ
_vਜੀਵਨੀ
_9138609
650 _aPunjabi Literature
_9138610
650 _aPunjabi Literature
_vBiography
_91698
942 _2ddc
_cPN
_h853.08
_mਅਜਮੇ
999 _c111188
_d111188